[Fotoğrafl albümü] [Albüm] (Record no. 9205)
[ view plain ]
| 000 -BAŞLIK | |
|---|---|
| Sabit Uzunlukta Kontrol Alanı | 00732na a2200241 4500 |
| 001 - KONTROL NUMARASI | |
| Denetim Alanı | 22703 |
| 003 - KONTROL NUMARASI IDENTIFIER | |
| Denetim Alanı | MIRAKIL |
| 005 - SON İŞLEM TARİHİ VE ZAMANI | |
| Denetim Alanı | 20181213155238.0 |
| 008 - SABİT-BOY VERİ ELEMANLARI - GENEL BİLGİLER | |
| Sabit Uzunlukta Kontrol Alanı | 170223b tu 000 0 |
| 040 ## - KATALOGLAMA KAYNAK | |
| Orijinal Kataloglama Ajansı | Milas |
| Kataloglama Dili | tur |
| Metne Dönüştürmek Ajansı | TR-AnCHP |
| 041 ## - DİL KODU | |
| Metin / Ses Parça Veya Ayrı Başlığın Dil Kodu | tur |
| 082 ## - DEWEY ONLU SINIFLANDIRMA NUMARASI | |
| Sınıflandırma Numarası | CHP 779.9561 |
| Ürün Numarası | F67 1954-55 |
| 090 ## - SINIFLAMA NUMARASI | |
| Sınıflama Numarası | CHP 779.9561 F67 1954-55 |
| 091 ## - MICROFILM RAF YER (AM) [OBSOLETE] | |
| Mikrofilm Raf Yeri | ALBÜMLER |
| 245 ## - BAŞLIK TABLOSU | |
| Başlık | [Fotoğrafl albümü] [Albüm] |
| Başlığın Kalan | [1954-1955] |
| Sorumluluk Tablosu, Vb | fotoğraflayan Rıza Ezer |
| 300 ## - FİZİKSEL TANIM | |
| Kapsam | 4 albüm |
| Diğer Fiziksel Ayrıntıları | siyah beyaz fotoğraf |
| Boyutlar | 32 |
| 650 ## - KONU KATMA GİRİŞ - TOPİKAL DÖNEM | |
| Topikal Süreli Veya Coğrafi Ad Giriş Elemanı | Fotoğraflar |
| Genel Alt Bölümü | Siyasetçiler |
| 650 ## - KONU KATMA GİRİŞ - TOPİKAL DÖNEM | |
| Topikal Süreli Veya Coğrafi Ad Giriş Elemanı | Albümler |
| Genel Alt Bölümü | Siyaset ve yönetim |
| Coğrafi Alt Bölümü | Türkiye |
| 651 ## - KONU KATMA GİRİŞ - COĞRAFİ ADI | |
| Coğrafi İsim | Türkiye |
| Genel Alt Bölümü | Siyaset ve yönetim |
| Kronolojik Alt Bölümü | Fotoğraf albümü |
| 700 ## - KATMA GİRİŞ - KİŞİSEL İSİM | |
| Kişisel Ad | Ezer, Rıza |
| 942 ## - EKLENDİ GİRİŞ ELEMANLARI (KOHA) | |
| Sınıflandırma Veya Raf Düzeni Kaynak | Dewey Decimal Classification |
| Koha Öğesi Türü | Books |
| 999 ## - SİSTEM KONTROL NUMARALARI (KOHA) | |
| Koha Biblionumber | 9205 |
| Koha Biblioitemnumber | 9205 |
| Kalıcı Konum | Mevcut Konum | Edinme Tarihi | Edinim Kaynak | Toplam Check-Out'Lar | Tam Çağrı Numarası | Barkod | Tarih Son Görülme | İtibaren Geçerli Fiyatlar | Koha Öğesi Türü | Seri Numaralandırma / Kronolojik | Kopya Sayısı |
|---|---|---|---|---|---|---|---|---|---|---|---|
| CHP Kütüphanesi | CHP Kütüphanesi | 02/23/2017 | Bağış | CHP 779.9561 F67 1954-55 | 016324 | 02/23/2017 | 02/23/2017 | Books | |||
| CHP Kütüphanesi | CHP Kütüphanesi | 02/23/2017 | Bağış | CHP 779.9561 F67 1954-55 | 016325 | 02/23/2017 | 02/23/2017 | Books | |||
| CHP Kütüphanesi | CHP Kütüphanesi | 02/23/2017 | Bağış | CHP 779.9561 F67 1954-55 | 016326 | 02/23/2017 | 02/23/2017 | Books | c.2 | k.2 | |
| CHP Kütüphanesi | CHP Kütüphanesi | 02/23/2017 | Bağış | CHP 779.9561 F67 1954-55 | 016327 | 02/23/2017 | 02/23/2017 | Books | c.3 |
